000 00787nam a2200253 i 4500
001 72395
003 ES-MaACL
005 20230906171428.0
007 t|
008 040901s1975 sp |||| | spa d
100 1 _aGirardi, Giulio.
_957231
245 1 0 _aAmor cristiano y lucha de clases /
_cJules Girardi ; [tradujeron José L. Sandoval y Alfonso Ortíz].
250 _a2ª ed.
260 _aSalamanca :
_bSígueme,
_c1975.
300 _a150 p. ;
_c21 cm.
490 1 _aSéptimo sello ;
_v9
650 _aAmor-
_xAspectos religiosos.
_99755
650 0 4 _aLucha de clases.
_914708
700 1 _aSandoval, José Luis.
_9103104
700 1 _aOrtiz, Alfonso.
_987547
830 0 _aSéptimo sello ;
_v9
_9181767
852 _aES-MaACL
_jC-49536
_bR.79516
999 _c72395
_d72395